| 000 -LEADER |
| fixed length control field |
nam a22 a 4500 |
| 003 - CONTROL NUMBER IDENTIFIER |
| control field |
AKMAL |
| 005 - DATE AND TIME OF LATEST TRANSACTION |
| control field |
20170419104800.0 |
| 008 - FIXED-LENGTH DATA ELEMENTS--GENERAL INFORMATION |
| fixed length control field |
170419s1996 my 00 may d |
| 020 ## - INTERNATIONAL STANDARD BOOK NUMBER |
| International Standard Book Number |
983037016X (set ): |
| Terms of availability |
RM 3,700.00 satu set |
| 020 ## - INTERNATIONAL STANDARD BOOK NUMBER |
| International Standard Book Number |
9830370178 (jil. 1 983-037-017-8) |
| -- |
9830370186 (jil. 2 983-037-018-6) |
| -- |
9830370194 (jil. 3 983-037-019-4) |
| -- |
9830370208 (jil. 4 983-037-020-8) |
| -- |
9830370216 (jil. 5 983-037-021-6) |
| -- |
9830370224 (jil. 6 983-037-022-4) |
| -- |
9830370232 (jil. 7 983-037-023-2) |
| -- |
9830370240 (jil. 8 983-037-024-0) |
| -- |
9830370259 (jil. 9 983-037-025-9) |
| -- |
9830370267(jil. 10 983-037-026-7) |
| -- |
9830370275 (jil. 11 983-037-027-5) |
| -- |
9830370283 (jil. 12 983-037-028-3) |
| -- |
9830370291 (jil. 13 983-037-029-1) |
| -- |
9830370305 (jil. 14 983-037-030-5) |
| -- |
9830370313 (jil. 15 983-037-031-3) |
| -- |
9830370321 (jil. 16 983-037-032-1) |
| -- |
983037033X (jil. 17 983-037-033-X) |
| 082 04 - DEWEY DECIMAL CLASSIFICATION NUMBER |
| Classification number |
039.9923 |
| 090 ## - LOCALLY ASSIGNED LC-TYPE CALL NUMBER (OCLC); LOCAL CALL NUMBER (RLIN) |
| Classification number (OCLC) (R) ; Classification number, CALL (RLIN) (NR) |
039.9923 |
| Local cutter number (OCLC) ; Book number/undivided call number, CALL (RLIN) |
ENS |
| 245 ## - TITLE STATEMENT |
| Title |
Ensiklopedia Malaysia |
| 250 ## - EDITION STATEMENT |
| Edition statement |
Ed. kedua |
| 260 ## - PUBLICATION, DISTRIBUTION, ETC. |
| Place of publication, distribution, etc. |
Shah Alam : |
| Name of publisher, distributor, etc. |
Anzagain , |
| Date of publication, distribution, etc. |
1996 |
| 300 ## - PHYSICAL DESCRIPTION |
| Extent |
17 jil. : |
| Other physical details |
il. ; |
| Dimensions |
27cm |
| 500 ## - GENERAL NOTE |
| General note |
Kandungan: Jil.1: A-ARANG. Jil.2: ARAS-BINTANG. Jil.3: BINTIK-CZECH. Jil.4: D-FUTU. Jil.5: G-HYTHER. Jil.6: I-KELIKAT. Jil.7: KELIKIR-LEUCO. Jil.8: LEUKIMIA-MYRTALES. Jil.9: N-PENCETAK. Jil.10: PENCILAN-PSIKOLOGI. Jil.11: PSIKONE-SIKAT. Jil.12: SIKH-TEMBOK. Jil.13: TEMBOK-ZYGNEM. Jil.14: KAMUS-A-K. Jil.15: KAMUS-L-Z. Jil.16: PERIBAHASA-SINONIM. Jil.17: INDEKS-A-Z |
| 650 ## - SUBJECT ADDED ENTRY--TOPICAL TERM |
| Topical term or geographic name entry element |
Encyclopedias and dictionaries, Malay |
| Geographic subdivision |
Malaysia |
| 9 (RLIN) |
300 |
| 651 ## - SUBJECT ADDED ENTRY--GEOGRAPHIC NAME |
| Geographic name |
Malaysia |
| Form subdivision |
Encyclopedias |
| 9 (RLIN) |
301 |
| 942 ## - ADDED ENTRY ELEMENTS (KOHA) |
| Source of classification or shelving scheme |
|
| Koha item type |
Book |
| 950 ## - LOCAL HOLDINGS (RLIN) |
| Permanent shelving location, LOC (RLIN) |
AKMAL |